Traffic Processes in Queueing Networks : A Markov Renewal Approach
Αποθηκεύτηκε σε:
| Κύριος συγγραφέας: | |
|---|---|
| Άλλοι συγγραφείς: | |
| Μορφή: | Βιβλίο |
| Γλώσσα: | English |
| Δημοσίευση: |
Baltimore :
The John Hopkins University Press,
c1987
|
| Σειρά: | Johns Hopkins series in the mathematical sciences ;
; 4 |
| Θέματα: | |
| Ετικέτες: |
Προσθήκη ετικέτας
Δεν υπάρχουν, Καταχωρήστε ετικέτα πρώτοι!
|
MARC
| LEADER | 00000nam a2200000 i 4500 | ||
|---|---|---|---|
| 001 | 1/41613 | ||
| 008 | 950227s1987 eng d | ||
| 020 | |a 0-8018-3454-6 | ||
| 035 | |a 1995 |c ΠΑΠΑΔΟΠΟΥΛΟΣ |l 10041554 | ||
| 040 | |a GR-MY-UA |b gre |e aacr | ||
| 041 | 0 | |a eng | |
| 082 | 0 | |a 519.82 | |
| 100 | 1 | |a Disney, Ralph L. |d 1928- | |
| 245 | 1 | 0 | |a Traffic Processes in Queueing Networks : |b A Markov Renewal Approach / |c Ralph L. Disney and Peter C. Kiessler |
| 260 | |a Baltimore : |b The John Hopkins University Press, |c c1987 | ||
| 300 | |a 251 p.; |c 24 cm. | ||
| 490 | 1 | |a Johns Hopkins series in the mathematical sciences |v ; 4 | |
| 500 | |a Includes bibliographical references and index | ||
| 650 | 0 | 0 | |a Queuing theory. |
| 650 | 0 | 0 | |a Markov processes. |
| 700 | 1 | |a Kiessler, Peter. | |
| 830 | 0 | |a Johns Hopkins series in the mathematical sciences ; |v ; 4 | |
| 852 | |a INST |b SAMOS |e 19950227 |h 519.82 DIS |p 005300006361 |q 005300006361 |t BK |y 0 | ||
| 909 | |a Σ |b 037199 | ||